LEADER 01785oam 2200457Ia 450 001 9910698469003321 005 20231214214010.0 035 $a(CKB)4330000001272039 035 $a(OCoLC)137282130 035 $a(EXLCZ)994330000001272039 100 $a20070531d2007 ua 0 101 0 $aeng 135 $aurmnu|||||||| 181 $ctxt$2rdacontent 182 $cc$2rdamedia 183 $acr$2rdacarrier 200 00$aGeochemical and sulfur-isotopic signatures of volcanogenic massive sulfide deposits on Prince of Wales Island and vicinity, southeastern Alaska /$fby John F. Slack ... [and others] 210 1$a[Reston, Va.] :$cU.S. Geological Survey,$d[2007] 215 $a37 pages $cdigital, PDF file 225 1 $aU.S. Geological Survey professional paper ;$v1732-C 225 1 $aStudies by the U.S. Geological Survey in Alaska, 2005 300 $aTitle from PDF caption (viewed July 25, 2008). 320 $aIncludes bibliographical references. 410 0$aU.S. Geological Survey professional paper ;$v1732-C. 410 0$aStudies by the U.S. Geological Survey in Alaska, 2005. 606 $aGeochemistry$zAlaska$zPrince of Wales Island 606 $aSulfide minerals$zAlaska$zPrince of Wales Island 606 $aSulfur$xIsotopes$zAlaska$zPrince of Wales Island 615 0$aGeochemistry 615 0$aSulfide minerals 615 0$aSulfur$xIsotopes 701 $aSlack$b John F$01417317 712 02$aGeological Survey (U.S.) 801 0$bGIS 801 1$bGIS 801 2$bOCLCQ 801 2$bGPO 906 $aBOOK 912 $a9910698469003321 996 $aGeochemical and sulfur-isotopic signatures of volcanogenic massive sulfide deposits on Prince of Wales Island and vicinity, southeastern Alaska$93544692 997 $aUNINA